书目信息 |
| 题名: |
这才是宋史
|
|
| 作者: | 余耀华 著 | |
| 分册: | 贰 真宗英宗仁宗神宗卷 | |
| 出版信息: | 长春 时代文艺出版社 2010.01 |
|
| 页数: | 320页 | |
| 开本: | 24cm | |
| 丛书名: | ||
| 单 册: | ||
| 中图分类: | I247.5 | |
| 科图分类: | ||
| 主题词: | 历史小说--li shi xiao shuo--中国--当代 | |
| 电子资源: | ||
| ISBN: | 978-7-5387-2924-5 | |
| 000 | 00827nam0 2200229 450 | |
| 001 | 012010710769 | |
| 005 | 20100411194350.21 | |
| 010 | @a978-7-5387-2924-5@dCNY29.80 | |
| 100 | @a20100411d2010 em y0chiy0120 ea | |
| 101 | 0 | @achi |
| 102 | @aCN@b220000 | |
| 105 | @aa z 000ay | |
| 106 | @ar | |
| 200 | 1 | @a这才是宋史@Azhe cai shi song shi@h贰@i真宗英宗仁宗神宗卷@f余耀华著@Fyu yao hua zhu |
| 210 | @a长春@c时代文艺出版社@d2010.01 | |
| 215 | @a320页@c图@d24cm | |
| 330 | @a《这才是宋史》贰,从真宗赵恒即位开始写起,历经仁宗、英宗、神宗四朝。全书以正史为经,野史为纬,不戏说。书中涉及重大的历史事件:澶渊之盟、庆历新政、王安石变法等。 | |
| 606 | 0 | @a历史小说@Ali shi xiao shuo@y中国@z当代 |
| 690 | @aI247.5@v4 | |
| 701 | 0 | @a余耀华@Ayu yao hua@4著 |
| 801 | 0 | @aCN@bQSSK@c20100411 |
| 905 | @b777013-15@dI247.5@eY776:2@f3 | |
| 这才是宋史.贰.真宗英宗仁宗神宗卷/余耀华著.-长春:时代文艺出版社,2010.01 |
| 320页:图;24cm |
| ISBN 978-7-5387-2924-5:CNY29.80 |
| 《这才是宋史》贰,从真宗赵恒即位开始写起,历经仁宗、英宗、神宗四朝。全书以正史为经,野史为纬,不戏说。书中涉及重大的历史事件:澶渊之盟、庆历新政、王安石变法等。 |
| ● |
| 相关链接 |
|
|
|
正题名:这才是宋史
索取号:I247.5/Y776:2
 
预约/预借
| 序号 | 登录号 | 条形码 | 馆藏地/架位号 | 状态 | 备注 |
| 1 | 777013 | 207770134 | 文学库108/108文学库 40排2列2层/ [索取号:I247.5/Y776:2] | 在馆 | |
| 2 | 777014 | 207770143 | 文学库108/108文学库 40排2列2层/ [索取号:I247.5/Y776:2] | 在馆 | |
| 3 | 777015 | 207770152 | 文学库108/108文学库 40排2列2层/ [索取号:I247.5/Y776:2] | 在馆 |